Stemmi Squadre di calcio - Premier League - Quiz n°5 - Statistics

Statistiche generali
  • Questo quiz è stato fatto 315 volte
  • Il punteggio medio è 9 su 10
Statistiche sulle risposte
con Immagini Risposta % Corretto
Hull City Association Football Club
100%
Sunderland Association Football Club
100%
Luton Town Football Club
99%
Middlesbrough Football Club
98%
Ipswich Town Football Club
96%
Brighton & Hove Albion Football Club
94%
Manchester United Football Club
94%
Leeds United Football Club
92%
Notts County Football Club
88%
Sheffield Wednesday Football Club
53%
Nessun quiz corrispondente trovato
Distribuzione punteggi
Percentuale di utenti per punteggio
Percentile per numero di risposta
I tuoi punteggi nel tempo
Non hai fatto questo quiz